Gila y su gente / (Registro nro. 12718)

Detalles MARC
000 -LIDER
fixed length control field 00582nam a22002057a 4500
003 - IDENTIFICACDOR DE NÚMERO DE CONTROL
control field DO-SdBNP
005 - DATE AND TIME OF LATEST TRANSACTION
control field 20171205124455.0
008 - ELEMENTOS DE LONGITUD FIJA
fixed length control field 171030b 1972||||| |||| 00| 0 spa d
040 ## - FUENTE DE CATALOGACIÓN
Agencia que crea de manera original el registro BPMSU
Idioma de catalogación spa
Agencia que realiza la transcripción BPMSU
082 #4 - NÚMERO DE CLASIFICACIÓN DECIMAL DE DEWEY
Classification number 867.44
Item number G463G
100 ## - ASIENTO PRINCIPAL -- NOMBRE PERSONAL
Nombre personal Gila Cuesta, Miguel
245 1# - MENCIÓN DE TITULO
Título Gila y su gente /
Mención de responsabilidad Miguel Gila Cuesta
260 ## - PUBLICACIÓN, DISTRIBUCIÓN, ETC. (PIE DE IMPRENTA)
Lugar de publicación, distribución, etc Buenos Aires :
Nombre del editor, distribuidor, etc. Nueva Senda ,
Fecha de publicación, distribución, etc 1972
300 ## - DESCRIPCIÓN FÍSICA
Extensión 1v.,
Otros detalles físicos il.;
Dimensiones 19 cm.
650 #4 - ENCABEZAMIENTO DE MATERIA--TEMÁTICO
Término temático o nombre geográfico como elemento de entrada HUMORISMO ESPAÑOL
650 #4 - ENCABEZAMIENTO DE MATERIA--TEMÁTICO
Término temático o nombre geográfico como elemento de entrada LITERATURA ESPAÑOLA
910 ## - VALIDACIÓN
Validación Validado. Control de calidad MFF
942 ## - ADDED ENTRY ELEMENTS (KOHA)
Source of classification or shelving scheme Dewey Decimal Classification
Koha item type Libros
945 ## - INFORMACIÓN DE PROCESAMIENTO LOCAL
Información de procesamiento local Inventariado, 2017/MFF
Existencias
Withdrawn status Lost status Source of classification or shelving scheme Damaged status Not for loan Collection code Home library Current library Date acquired Total Checkouts Full call number Barcode Date last seen Price effective from Koha item type
    Dewey Decimal Classification     Colección General Biblioteca Pública Metropolitana Salomé Ureña Biblioteca Pública Metropolitana Salomé Ureña 10/31/2017   867.44 G463G BPMSU17100181 10/31/2017 10/31/2017 Libros